000
00276nam a22001217a 4500
082
_a
823
_b
JOY/S
100
_a
JOYNE, ANTHONY
245
_a
THE STORIES OF SHAKESPEARE'S PLAYS
260
_a
CALCUTTA
_b
OXFORD
_c
1969
300
_a
62
650
_a
ENGLISH STORY
_z
INDIA
942
_c
BK
999
_c
7370
_d
7370